[Event "CRO-chT2 Center 23rd"]
[Site "Grubisno Polje"]
[Date "2014.10.26"]
[Round "11.2"]
[White "Blazeka, Damjan"]
[Black "Pavlic, Drazen"]
[Result "1-0"]
[WhiteElo "2135"]
[BlackElo "2114"]
[PlyCount "61"]
[EventDate "2014.03.02"]
[EventType "team-match"]
[EventRounds "11"]
[EventCountry "CRO"]
[SourceTitle "EXT 2016"]
[Source "ChessBase"]
[SourceDate "2015.10.08"]
[SourceVersion "1"]
[SourceVersionDate "2015.10.08"]
[SourceQuality "1"]

1. e4 d6 2. d4 Nf6 3. Nc3 g6 4. Bg5 h6 5. Bf4 Bg7 6. Be2 0-0 7. Qd2 Kh7 8. h4 c6 9. f3 Nbd7 10. g4 e5 11. Be3 h5 12. 0-0-0 b5 13. dxe5 Nxe5 14. Bf4 Ne8 15. gxh5 gxh5 16. Bxe5 Bxe5 17. f4 Bg7 18. e5 d5 19. Qd3+ Kh8 20. Bxh5 Bh6 21. Nce2 Ng7 22. Qf3 Bf5 23. Ng3 Bh7 24. Nh3 Qa5 25. Kb1 Qa4 26. b3 Qa3 27. f5 a5 28. Ng5 Ra7 29. Nxh7 Kxh7 30. f6 Nxh5 31. Qf5+ 1-0

[Event "CRO-chT"]
[Site "Bol"]
[Date "2014.05.15"]
[Round "3.9"]
[White "Pavlic, Drazen"]
[Black "Martinus, Tomo"]
[Result "1-0"]
[WhiteElo "2099"]
[BlackElo "2158"]
[PlyCount "83"]
[EventDate "2014.05.14"]
[EventType "team-swiss"]
[EventRounds "6"]
[EventCountry "CRO"]
[SourceTitle "CBM 160 Extra"]
[Source "ChessBase"]
[SourceDate "2014.07.01"]
[SourceVersion "1"]
[SourceVersionDate "2014.07.01"]
[SourceQuality "1"]
[WhiteTeam "Novo Virje Konaki"]
[BlackTeam "Sesvete"]
[WhiteTeamCountry "CRO"]
[BlackTeamCountry "CRO"]

1. d4 d5 2. Nf3 Nf6 3. c4 c6 4. Nc3 e6 5. cxd5 cxd5 6. Bg5 Be7 7. e3 0-0 8. Bd3 Nc6 9. Rc1 a6 10. 0-0 Bd7 11. Na4 Nb4 12. Bb1 Bb5 13. Re1 Rc8 14. Rxc8 Qxc8 15. a3 Bxa4 16. Qxa4 Nc6 17. Ne5 Ne4 18. Bxe7 Nxe7 19. f3 Nd2 20. Bd3 b5 21. Qb4 f6 22. Ng4 Nxf3+ 23. gxf3 Qc7 24. Qc5 Nc6 25. Rc1 Rc8 26. Qc2 h5 27. Nf2 f5 28. Nh3 Qf7 29. Qg2 Qd7 30. Nf4 Ne7 31. Rxc8+ Qxc8 32. Qc2 Qe8 33. h4 g6 34. Qc7 Kf7 35. Nh3 Qc6 36. Ng5+ Kf8 37. Qd8+ Qe8 38. Nxe6+ Kf7 39. Qxe8+ Kxe8 40. Nc7+ Kf7 41. Nxa6 Kf6 42. f4 1-0

[Event "CRO-chT"]
[Site "Bol"]
[Date "2014.05.14"]
[Round "1.10"]
[White "Pavlic, Drazen"]
[Black "Doric, Nenad"]
[Result "0-1"]
[WhiteElo "2099"]
[BlackElo "2290"]
[PlyCount "56"]
[EventDate "2014.05.14"]
[EventType "team-swiss"]
[EventRounds "6"]
[EventCountry "CRO"]
[SourceTitle "CBM 160 Extra"]
[Source "ChessBase"]
[SourceDate "2014.07.01"]
[SourceVersion "1"]
[SourceVersionDate "2014.07.01"]
[SourceQuality "1"]
[WhiteTeam "Novo Virje Konaki"]
[BlackTeam "Kastel Stari"]
[WhiteTeamCountry "CRO"]
[BlackTeamCountry "CRO"]

1. d4 d5 2. Nf3 Nf6 3. c4 c6 4. Nc3 e6 5. cxd5 exd5 6. Bg5 Be7 7. Qc2 g6 8. e3 Bf5 9. Bd3 Bxd3 10. Qxd3 Nbd7 11. a3 a5 12. 0-0 0-0 13. Nd2 Re8 14. f3 Nh5 15. Bxe7 Qxe7 16. Rfe1 Qg5 17. b4 axb4 18. f4 Qe7 19. axb4 Rxa1 20. Rxa1 Qxe3+ 21. Qxe3 Rxe3 22. Na4 Nxf4 23. Nf3 Rb3 24. Nc5 Nxc5 25. bxc5 Rb2 26. Rf1 f6 27. g3 Ne2+ 28. Kh1 Rc2 0-1

[Event "CRO-chT2 Center 23rd"]
[Site "Grubisno Polje"]
[Date "2014.04.06"]
[Round "6.5"]
[White "Martic, Josip"]
[Black "Pavlic, Drazen"]
[Result "1-0"]
[WhiteElo "2020"]
[BlackElo "2114"]
[PlyCount "162"]
[EventDate "2014.03.02"]
[EventType "team-match"]
[EventRounds "11"]
[EventCountry "CRO"]
[SourceTitle "EXT 2016"]
[Source "ChessBase"]
[SourceDate "2015.10.08"]
[SourceVersion "1"]
[SourceVersionDate "2015.10.08"]
[SourceQuality "1"]

1. d4 d6 2. c4 g6 3. e4 Bg7 4. f3 Nc6 5. Ne2 e5 6. Be3 f5 7. d5 Nce7 8. Nbc3 Nf6 9. Qd2 fxe4 10. fxe4 Ng4 11. Bg5 0-0 12. h3 Nf6 13. 0-0-0 a6 14. g4 b5 15. Ng3 b4 16. Nce2 Nd7 17. Be3 Rf7 18. Kb1 Nc5 19. Bg2 Bd7 20. Rhf1 Rxf1 21. Rxf1 c6 22. dxc6 Bxc6 23. Rd1 Nb7 24. Qxb4 a5 25. Qd2 Qc7 26. Nc3 Nc8 27. Bf1 Qe7 28. Nd5 Qh4 29. Ne2 Rb8 30. Nec3 Nc5 31. Bg5 Qg3 32. Qg2 Qxg2 33. Bxg2 Bf8 34. Kc2 h6 35. Bd8 Ne6 36. Bxa5 Nd4+ 37. Kb1 Bxd5 38. Nxd5 Na7 39. Nf6+ Kg7 40. Nd7 Rc8 41. Nxf8 Kxf8 42. Bf1 Ke7 43. Bc3 Rf8 44. b4 Rf3 45. Bd2 Nc8 46. c5 g5 47. Rc1 Na7 48. cxd6+ Kxd6 49. Bc3 Nab5 50. Bxd4 Nxd4 51. b5 Rf8 52. Kb2 Ne6 53. Rc6+ Kd7 54. Bc4 Rf2+ 55. Ka3 Rf3+ 56. Kb4 Nd4 57. Rxh6 Rf4 58. Bd5 Rf3 59. Kc5 Rc3+ 60. Bc4 Nc2 61. Rh7+ Kc8 62. Ra7 Ne3 63. Ra4 Kb7 64. Rb4 Nxc4 65. Rxc4 Rxh3 66. Kd5 Rg3 67. Kxe5 Rxg4 68. Kf5 Rg2 69. a4 g4 70. e5 g3 71. Kf4 Re2 72. Kxg3 Rxe5 73. Kf3 Kb6 74. Re4 Rf5+ 75. Ke3 Kc5 76. Kd3 Rf3+ 77. Re3 Rf4 78. Re5+ Kb6 79. Re4 Rf2 80. Kc4 Rf1 81. Kb4 Ka7 1-0

[Event "CRO-chT2 Center"]
[Site "Croatia"]
[Date "2011.04.03"]
[Round "6.65"]
[White "Pavlic, Drazen"]
[Black "Gabre, Zeljko"]
[Result "1/2-1/2"]
[WhiteElo "2109"]
[BlackElo "2117"]
[PlyCount "73"]
[EventDate "2011.03.20"]
[EventType "team-tourn"]
[EventRounds "11"]
[EventCountry "CRO"]
[SourceTitle "EXT 2014"]
[Source "ChessBase"]
[SourceDate "2013.11.20"]
[SourceVersion "1"]
[SourceVersionDate "2013.11.20"]
[SourceQuality "1"]

1. d4 g6 2. Nf3 Bg7 3. Bf4 d6 4. c3 Nf6 5. e3 0-0 6. Nbd2 b6 7. Bc4 Bb7 8. 0-0 Nc6 9. b4 Nh5 10. Bg5 Qd7 11. Qc2 e5 12. Bd5 Nxd4 13. Bxf7+ Rxf7 14. cxd4 e4 15. Nxe4 Qg4 16. Nfd2 Re8 17. h3 Qe6 18. f3 h6 19. Bh4 d5 20. Nf2 Qxe3 21. Rae1 Qxe1 22. Rxe1 Rxe1+ 23. Kh2 g5 24. Ng4 gxh4 25. Qg6 Kf8 26. Qxh5 Bxd4 27. Qxh6+ Ke8 28. Qxh4 Re2 29. Nh6 Be5+ 30. Kg1 Rxd2 31. Qh5 Rd1+ 32. Kf2 Bd4+ 33. Ke2 Ra1 34. Qxf7+ Kd8 35. Qf8+ Kd7 36. Qf7+ Kd8 37. Qf8+ 1/2-1/2

[Event "CRO-chT2b"]
[Site "Croatia"]
[Date "2009.10.25"]
[Round "10"]
[White "Martinus, Tomo"]
[Black "Pavlic, Drazen"]
[Result "1/2-1/2"]
[WhiteElo "2161"]
[BlackElo "2093"]
[PlyCount "21"]
[EventDate "2009.03.01"]
[EventType "team-tourn"]
[EventRounds "11"]
[EventCountry "CRO"]
[SourceTitle "EXT 2011"]
[Source "ChessBase"]
[SourceDate "2010.11.26"]
[SourceVersion "1"]
[SourceVersionDate "2010.11.26"]
[SourceQuality "1"]

1. d4 e6 2. Nf3 b6 3. c4 Bb7 4. Nc3 Bb4 5. Qc2 Nf6 6. Bg5 h6 7. Bh4 0-0 8. e3 d5 9. Be2 Nbd7 10. 0-0 dxc4 11. Ne5 1/2-1/2